A Dictionary of Economics, Business, and Finance : (Record no. 3663)
[ view plain ]
| 000 -LEADER | |
|---|---|
| fixed length control field | 01068nac a22002411u 4500 |
| 008 - FIXED-LENGTH DATA ELEMENTS--GENERAL INFORMATION | |
| fixed length control field | 100920t xxu||||| |||| 00| 0 eng d |
| 010 ## - LIBRARY OF CONGRESS CONTROL NUMBER | |
| LC control number | 81202033 |
| 020 ## - INTERNATIONAL STANDARD BOOK NUMBER | |
| International Standard Book Number | 9953100195 |
| 082 ## - DEWEY DECIMAL CLASSIFICATION NUMBER | |
| Classification number | 330.03 |
| Item number | G4117 |
| 100 ## - MAIN ENTRY--PERSONAL NAME | |
| Personal name | Ghattas, Nabih. |
| 9 (RLIN) | 19573 |
| 245 12 - TITLE STATEMENT | |
| Title | A Dictionary of Economics, Business, and Finance : |
| Remainder of title | English-Arabic with an Arabic Glossary / |
| Statement of responsibility, etc | compiled and edited by Nabih Ghattas. |
| 250 ## - EDITION STATEMENT | |
| Edition statement | new edition |
| 260 ## - PUBLICATION, DISTRIBUTION, ETC. (IMPRINT) | |
| Place of publication, distribution, etc | [Beirut] : |
| Name of publisher, distributor, etc | Librairie du Liban, |
| Date of publication, distribution, etc | 1980. |
| 300 ## - PHYSICAL DESCRIPTION | |
| Extent | 677 p. ; |
| Dimensions | 25 cm. |
| 500 ## - GENERAL NOTE | |
| General note | English and Arabic. |
| 500 ## - GENERAL NOTE | |
| General note | Title on added t.p.: Muʻjam muṣṭalaḥāt al-iqtiṣād wa-al-māl wa-idārat al-ʻummāl. |
| 650 #0 - SUBJECT ADDED ENTRY--TOPICAL TERM | |
| Topical term or geographic name as entry element | Economics |
| General subdivision | Dictionaries. |
| 9 (RLIN) | 19574 |
| 650 #0 - SUBJECT ADDED ENTRY--TOPICAL TERM | |
| Topical term or geographic name as entry element | English language |
| General subdivision | Dictionaries |
| -- | Arabic. |
| 9 (RLIN) | 19577 |
| 650 #0 - SUBJECT ADDED ENTRY--TOPICAL TERM | |
| 9 (RLIN) | 19576 |
| Topical term or geographic name as entry element | Finance |
| Form subdivision | Dictionaries |
| General subdivision | Dictionaries |
| 650 #0 - SUBJECT ADDED ENTRY--TOPICAL TERM | |
| 9 (RLIN) | 19575 |
| Topical term or geographic name as entry element | Business |
| General subdivision | Dictionaries |
| 740 0# - ADDED ENTRY--UNCONTROLLED RELATED/ANALYTICAL TITLE | |
| Uncontrolled related/analytical title | Muʻjam muṣṭalaḥāt al-iqtiṣād wa-al-māl wa-idārat al-ʻummāl. |
| 942 ## - ADDED ENTRY ELEMENTS (KOHA) | |
| Item type | Reference (NB) |
| Call number prefix | 330.03G4117 |
| Source of classification or shelving scheme | Dewey Decimal Classification |
| Withdrawn status | Item status | Source of classification or shelving scheme | Damaged status | Not for loan | Vendor | Home library | Current library | Shelving location | Date acquired | Source of acquisition | Total Checkouts | Full call number | Barcode | Date last seen | Koha item type |
|---|---|---|---|---|---|---|---|---|---|---|---|---|---|---|---|
| Dewey Decimal Classification | Central Library | Central Library | Ground Floor | 06/05/2007 | 330.03 GHA | 000039512 | 15/07/2025 | Reference (NB) |